| 000 -LEADER |
| fixed length control field |
00845nam a2200217Ia 4500 |
| 001 - CONTROL NUMBER |
| control field |
2156 |
| 003 - CONTROL NUMBER IDENTIFIER |
| control field |
GE_BSU |
| 005 - DATE AND TIME OF LATEST TRANSACTION |
| control field |
20221020145431.0 |
| 008 - FIXED-LENGTH DATA ELEMENTS--GENERAL INFORMATION |
| fixed length control field |
181216s1988ru xx |||||||||||||| ||rus|| |
| 040 ## - CATALOGING SOURCE |
| Transcribing agency |
GE_BSU |
| 041 ## - LANGUAGE CODE |
| Language code of text/sound track or separate title |
rus |
| 080 ## - UNIVERSAL DECIMAL CLASSIFICATION NUMBER |
| Universal Decimal Classification number |
39(47.9) К-126 |
| 245 ## - TITLE STATEMENT |
| Title |
Кавказский Этнографический сборник.VII : / |
| Statement of responsibility, etc. |
[Отв. ред. М.В.Кантария] |
| 264 ## - PRODUCTION, PUBLICATION, DISTRIBUTION, MANUFACTURE, AND COPYRIGHT NOTICE |
| Place of production, publication, distribution, manufacture |
Тбилиси : |
| Name of producer, publisher, distributor, manufacturer |
Мецниереба, |
| Date of production, publication, distribution, manufacture, or copyright notice |
1988. |
| 300 ## - PHYSICAL DESCRIPTION |
| Extent |
176 с.: |
| Other physical details |
21 см. |
| 653 ## - INDEX TERM--UNCONTROLLED |
| keyword |
Кавказский Этнографический сборник |
| 653 ## - INDEX TERM--UNCONTROLLED |
| keyword |
არქეოლოგია |
| 700 ## - ADDED ENTRY--PERSONAL NAME |
| Personal name |
Кантария, М.В. |
| Relator term |
რედაქტორი |
| 9 (RLIN) |
15395 |
| 710 ## - ADDED ENTRY--CORPORATE NAME |
| Corporate name or jurisdiction name as entry element |
Ин-ут. историй, Археологии и этнографии им. И.А Джавахишвили |
| 9 (RLIN) |
15396 |
| 942 ## - ADDED ENTRY ELEMENTS (KOHA) |
| Koha item type |
წიგნი |
| Source of classification or shelving scheme |
|